Stone soup / (Record no. 2502)

MARC details
000 -LEADER
fixed length control field 01605cas a2200385 4500
005 - DATE AND TIME OF LATEST TRANSACTION
control field 20250815152721.0
020 ## - INTERNATIONAL STANDARD BOOK NUMBER
International Standard Book Number 9789814281140
040 ## - CATALOGING SOURCE
Original cataloging agency DLC
Language of cataloging eng
Transcribing agency DLC
Modifying agency OCL
-- NST
-- NSD
-- WAU
-- OCLCQ
-- CUS
-- OCLCF
-- FEM
-- OCLCQ
-- QQ3
-- HCO
-- OCLCO
-- GUA
-- ZQP
-- OCLCO
050 00 - LIBRARY OF CONGRESS CALL NUMBER
Classification number 398.209415
100 ## - MAIN ENTRY--PERSONAL NAME
Personal name Smith, Annette
245 00 - TITLE STATEMENT
Title Stone soup /
Statement of responsibility, etc. Retold by Smith, Annette : Illustrated by C Lewis, Naomi
250 ## - EDITION STATEMENT
Edition statement First published in 1998
260 ## - PUBLICATION, DISTRIBUTION, ETC.
Place of publication, distribution, etc. South Melbourne :
Name of publisher, distributor, etc. Cengage Learning Australia,
Date of publication, distribution, etc. 1998
300 ## - PHYSICAL DESCRIPTION
Dimensions 22 cm
Extent 32 pages :
Other physical details Color illustrations ;
500 ## - GENERAL NOTE
General note "A journal of children's literature."
505 ## - FORMATTED CONTENTS NOTE
Formatted contents note J <br/>
520 ## - SUMMARY, ETC.
Summary, etc. A collection of simplified short versions of well known traditional tales. PM Tales and Plays retell the tale in story form and as plays in language that children can actually read.
521 ## - TARGET AUDIENCE NOTE
Target audience note 460 <br/>
Source Lexile <br/>
521 ## - TARGET AUDIENCE NOTE
Target audience note J <br/>
Source Raz-Plus <br/>
650 #0 - SUBJECT ADDED ENTRY--TOPICAL TERM
Topical term or geographic name entry element Children's writings, American
Form subdivision Periodicals.
650 #0 - SUBJECT ADDED ENTRY--TOPICAL TERM
Topical term or geographic name entry element Children's literature, American
Form subdivision Periodicals.
650 #0 - SUBJECT ADDED ENTRY--TOPICAL TERM
Topical term or geographic name entry element Children's art
Form subdivision Periodicals.
650 #1 - SUBJECT ADDED ENTRY--TOPICAL TERM
Topical term or geographic name entry element Literature
Form subdivision Collections.
650 #1 - SUBJECT ADDED ENTRY--TOPICAL TERM
Topical term or geographic name entry element Children's writings.
650 #7 - SUBJECT ADDED ENTRY--TOPICAL TERM
Topical term or geographic name entry element Children's art.
Source of heading or term fast
Authority record control number or standard number (OCoLC)fst00855711
650 #7 - SUBJECT ADDED ENTRY--TOPICAL TERM
Topical term or geographic name entry element Children's literature, American.
Source of heading or term fast
Authority record control number or standard number (OCoLC)fst00855882
650 #7 - SUBJECT ADDED ENTRY--TOPICAL TERM
Topical term or geographic name entry element Children's writings, American.
Source of heading or term fast
Authority record control number or standard number (OCoLC)fst00856835
655 #4 - INDEX TERM--GENRE/FORM
Genre/form data or focus term Children's periodicals.
655 #7 - INDEX TERM--GENRE/FORM
Genre/form data or focus term Periodicals.
Source of term fast
Authority record control number or standard number (OCoLC)fst01411641
655 #7 - INDEX TERM--GENRE/FORM
Genre/form data or focus term Periodicals.
Source of term lcgft
655 #0 - INDEX TERM--GENRE/FORM
Genre/form data or focus term Children's periodicals.
906 ## - LOCAL DATA ELEMENT F, LDF (RLIN)
a 7
b cbc
c serials
d 2
e ncip
f 19
g n-oclcserc
942 ## - ADDED ENTRY ELEMENTS (KOHA)
Source of classification or shelving scheme Dewey Decimal Classification
Koha item type Books
Suppress in OPAC No
999 ## -
-- 2502
-- 2502
Holdings
Withdrawn status Lost status Source of classification or shelving scheme Damaged status Not for loan Collection Home library Current library Shelving location Date acquired Total Checkouts Full call number Barcode Date last seen Date last checked out Copy number Price effective from Koha item type
    Dewey Decimal Classification     Juvenile Fiction Footprints International School Library Network Toul Tom Poung Campus Footprints International School Library Network Toul Tom Poung Campus TTP Primary Dark Blue Bookshelves 12/13/2023 3 SMI 398.209415 FISTK04091 10/08/2025 08/20/2025 1 12/13/2023 Books
    Dewey Decimal Classification     Juvenile Fiction Footprints International School Library Network Toul Tom Poung Campus Footprints International School Library Network Toul Tom Poung Campus TTP Primary Dark Blue Bookshelves 08/15/2025   SMI 398.209415 FIS02190 08/15/2025   2 08/15/2025 Books